<?xml version="1.0" encoding="UTF-8"?>
<record
    xmlns:xsi="http://www.w3.org/2001/XMLSchema-instance"
    xsi:schemaLocation="http://www.loc.gov/MARC21/slim http://www.loc.gov/standards/marcxml/schema/MARC21slim.xsd"
    xmlns="http://www.loc.gov/MARC21/slim">

  <leader>01833    a2200145   4500</leader>
  <controlfield tag="003">Nust</controlfield>
  <controlfield tag="005">20170207154221.0</controlfield>
  <datafield tag="040" ind1=" " ind2=" ">
    <subfield code="c">Nust</subfield>
  </datafield>
  <datafield tag="100" ind1=" " ind2=" ">
    <subfield code="a">by Liaquat Hossain, Jon David Patrick and M.A. Rashid</subfield>
  </datafield>
  <datafield tag="245" ind1=" " ind2=" ">
    <subfield code="a">Enterprise Resource Planning: Global Opportunities &amp; Challenges (E-Book)</subfield>
    <subfield code="c">by Liaquat Hossain, Jon David Patrick and M.A. Rashid</subfield>
  </datafield>
  <datafield tag="260" ind1=" " ind2=" ">
    <subfield code="c">&#xA9; 2002</subfield>
  </datafield>
  <datafield tag="300" ind1=" " ind2=" ">
    <subfield code="a">(295 pages</subfield>
  </datafield>
  <datafield tag="505" ind1=" " ind2=" ">
    <subfield code="a">Chapter I - The Evolution of ERP Systems: A Historical Perspective Chapter II -The Myth of Integration: A Case Study of an ERP Implementation Chapter III - ERP Systems in Universities: Rationale Advanced for Their Adoption Chapter IV - Assessing Enterprise Resource Planning (ERP) Adoption in the Philippines Chapter V -The Impact of Enterprise Resource Planning Systems on Organizational Effectiveness: An Artifact Evaluation Chapter VI - Enterprise Resource Planning and Knowledge Management Systems: An Empirical Account of Organizational Efficiency and Flexibility Chapter VII -Knowledge Management for Enterprise Systems&#x2013;First Empirical Insights Chapter VIII -Implementation Management of an E-Commerce-Enabled Enterprise Information System: A Case Study at Texas Instruments Chapter IX - An Object-Oriented Awareness-Based Methodology for ERPChapter X -A Framework for Assessing ERP Systems&#x2019; Functionality for the SMEs in Australia Chapter XI - Selecting and Implementing an ERP System at Alimentos Peru Chapter XII -A Framework for the Selection of ERP Packages for Small toMedium and Large Organizations Chapter XIII - A Study of the ERP Selection Process in New Zealand Chapter XIV - Using Cost Benefit Analysis for Enterprise Resource Planning Project Evaluation: A Case for Including Intangibles Chapter XV -Effective Use of External Expertise in Enterprise Systems: ANew Zealand Case Experience</subfield>
  </datafield>
  <datafield tag="538" ind1=" " ind2=" ">
    <subfield code="a">E-Book</subfield>
  </datafield>
  <datafield tag="942" ind1=" " ind2=" ">
    <subfield code="2">ddc</subfield>
    <subfield code="c">BK</subfield>
  </datafield>
  <datafield tag="999" ind1=" " ind2=" ">
    <subfield code="c">195291</subfield>
    <subfield code="d">195291</subfield>
  </datafield>
  <datafield tag="952" ind1=" " ind2=" ">
    <subfield code="0">0</subfield>
    <subfield code="1">0</subfield>
    <subfield code="2">ddc</subfield>
    <subfield code="4">0</subfield>
    <subfield code="7">0</subfield>
    <subfield code="8">NFIC</subfield>
    <subfield code="a">MCS</subfield>
    <subfield code="b">MCS</subfield>
    <subfield code="d">2016-12-12</subfield>
    <subfield code="l">0</subfield>
    <subfield code="p">MCSEB-1190</subfield>
    <subfield code="r">2016-12-08</subfield>
    <subfield code="w">2016-12-12</subfield>
    <subfield code="y">BK</subfield>
  </datafield>
</record>
